000 00400nam a2200169Ia 4500
001 5869
003 IN-NITTTR
005 20251114233013.0
008 251113s9999||||xx |||||||||||||| ||eng||
040 _beng
040 _cIN-NITTTR
041 _aeng
082 _a150 G843E
100 _aGreening, Thomas C.
245 0 _aExistential humanistic psychology /
_cGreening, Thomas C.
942 _2ddc
_cBK
999 _c8506
_d8506